00607nam a2200193Ia 4500008004100000020001800041082001800059100002300077245002700100250000800127260004200135300003000177500001900207600002700226650001500253942000700268952012100275999001700396240925s9999 xx 000 0 und d a9788131724262 a621.38456 SCH aSchiller , Jochen 0aMobile Communications  a2nd aNew Delhi:bPearson Educationc,2009. axviii,1136p.b0fOriginal aIncludes Index aElectronic Engineering aTechnology cBK 001040708ELaUITUbUITUd2009-02-02eP.I.A g936.00l0o621.38456 SCHpQ7707r2024-09-25 07:14:42w2024-09-25yBK c10206d10206